Creating architectural theory the role of the behavioral sciences in environmental design (Record no. 7354)

000 -LEADER
fixed length control field 00316nam a2200109Ia 4500
008 - FIXED-LENGTH DATA ELEMENTS--GENERAL INFORMATION
fixed length control field 200302s9999 xx 000 0 und d
100 ## - MAIN ENTRY--PERSONAL NAME
Personal name Jon Lang
245 ## - TITLE STATEMENT
Title Creating architectural theory the role of the behavioral sciences in environmental design
260 ## - PUBLICATION, DISTRIBUTION, ETC.
Name of publisher, distributor, etc. Van Nostrand Reinhold
260 ## - PUBLICATION, DISTRIBUTION, ETC.
Date of publication, distribution, etc. 1987
300 ## - PHYSICAL DESCRIPTION
Extent 278
Holdings
Withdrawn status Lost status Damaged status Not for loan Permanent Location Current Location Date acquired Cost, normal purchase price Full call number Barcode Date last seen Price effective from Koha item type Source of classification or shelving scheme
        BMS College of Architecture, Design and Planning BMS College of Architecture, Design and Planning 2020-03-03 3781.00 720 AR-UG1256 2020-03-03 2020-03-03 UG Books  
        BMS College of Architecture, Design and Planning BMS College of Architecture, Design and Planning 2021-01-12   720LAN AR-PG382 2021-01-12 2021-01-12 PG Books  
Copyright © 2025, The Librarian, Library and Information Centre, BMSCA D&P, Bengaluru. All Rights Reserved
web counter

Powered by Koha